1070 1574 1870 1074 1039 1743 1457 1118 1358 1616 1415 1521 1755 1563 1487 1656 1702 1475 1434 1090 1140 1857 1326 1044 1892 1509 1996 1754 1581 1015 1257 1625 1903 1531 1649 1809 1456 1387 1640 1465 1092 1840 1004 1839 1909 1653 1526 1126 1377 1765 1279 1817 1239 1516 1635 1411 1956 1815 1843 1544 1508 1919 1475 1463 1701 1879 1802 1715 1899 1920 1211 1261 1582 1125 1730 1176 1867 1271 1138 1194 1963 1820 1768 1806 1764 1199 1056 1141 1537 1062 1937 1504 1333 1145 1510 1310 1412 1237 1663 BCNSPRNW ULIB Ver.6.0+V

เปลี่ยนเป็นภาษาไทย

Change to English
 แสดงรายละเอียดบรรณานุกรม
  กลับหน้าหลัก

Brief Record : Get Marc (ISO 2709) : E-mail record : QR code < ปิดหน้าต่าง
LEADER : 00000nam 2200000uu 4500
001    13399126440
003     ULIB
008    180916s2560||||th 000 0 tha d
020    ^a9786161822019
050 00 ^aBF455^bอ72
100 1  ^aอะคิระ, อุเอะนิชิ
245 10 ^aพูดเรื่องบวกเรียกโชคดี พูดเรื่องดีเรียกความสุข /^cอุเอะนิชิ อะคิระ, เขียน ; ปาวัน การสมใจ, แปล
260    ^aกรุงเทพฯ :^bอมรินทร์ฮาวทู,^c2560
300    ^a171 หน้า
650  4 ^aการพูด
700 0  ^aปาวัน การสมใจ
945    ^p195^l0^i26642
999    ^aกัณชพร จุลอักษร
รายการนี้ยังไม่มีแท็ก
คุณยังไม่ได้ล็อกอิน คุณสามารถมีกิจกรรมร่วมกับเว็บไซต์ได้ แต่ต้องล็อกอินก่อน ::
  ล็อกอิน

รายการสื่อสารสนเทศ

ลำดับที่ ประเภท เลขเรียก/บาร์โค้ด สถานที่ สถานะ
1. วิทยาศาสตร์การแพทย์ และสุขภาพ
วิทยาศาสตร์การแพทย์ และสุขภาพ
BF455 อ72 ฉ.1 
  Barcode: 26642
ห้องสมุดวิทยาเขตนครสวรรค์
►หนังสือทั่วไป:l:General Books
บนชั้น

รายการใกล้เคียง
    ผู้แต่ง [อะคิระ, อุเอะนิชิ]

    หัวเรื่อง [การพูด]

BibComment


ยังไม่เคยถูกคอมเมนท์

คอมเมนท์ทรัพยากรรายการนี้
  คอมเมนท์: พูดเรื่องบวกเรีย..


 Copyright 2026. Bcnsprnw @Library